000 01004cam a2200241 4500
001 WB3724-53
008 000000n2001 000 0 eng u
035 _a(Sirsi) u113135
245 _aDevelopment above stations predicted
260 _c2001
490 _aBuilding
_v266(8188) 15 June 2001, 16(1)
520 _aAt the recent launch of a joint CABE-English Heritage consultation paper "Guidance on Tall Buildings", Sir Stuart Lipton, chair of CABE, predicted that the new transport infrastructure in London will be funded by high-density development above stations. Comments on "Guidance on Tall Buildings" should be submitted before 15 October 2001.
590 _aWB
650 _aTALL BUILDINGS
650 _aCOMMISSION FOR ARCHITECTURE AND THE BUILT ENVIRONMENT
650 _aENGLISH HERITAGE
650 _aCONSULTATION PAPER
650 _aLONDON
650 _aTRANSPORT INFRASTRUCTURE
650 _aHIGH DENSITY DEVELOPMENT
690 _aTRANSPORT AND COMMUNICATIONS
942 _n0
999 _c67358
_d67358